Normal view MARC view

Entry Personal Name

Number of records used in: 1

001 - CONTROL NUMBER

  • control field: 238939

003 - CONTROL NUMBER IDENTIFIER

  • control field: OSt

005 - DATE AND TIME OF LATEST TRANSACTION

  • control field: 20250917092225.0

008 - FIXED-LENGTH DATA ELEMENTS

  • fixed length control field: 250917|| aca||aabn | a|a d

040 ## - CATALOGING SOURCE

  • Original cataloging agency: OSt
  • Transcribing agency: OSt

100 ## - HEADING--PERSONAL NAME

  • Personal name: K. N. Tailor
  • Dates associated with a name: ಕೆ.ಎನ್. ಟೇಲರ್

670 ## - SOURCE DATA FOUND

  • Source citation: Work cat.: (OSt)214694: K. N. Tailor ಕೆ.ಎನ್. ಟೇಲರ್., Kandane Budedi, 1983